Crítica de la metodología de la ciencia jurídica de K. Larenz (Record no. 610871)
[ view plain ]
| 000 -CABECERA | |
|---|---|
| Campo de control de longitud fija | 00465nab a2200145Ia 4500 |
| 003 - IDENTIFICADOR DEL NÚMERO DE CONTROL | |
| Campo de control | ES-SlBCS |
| 005 - FECHA Y HORA DE LA ÚLTIMA TRANSACCIÓN | |
| Campo de control | 20220920204740.0 |
| 008 - CÓDIGOS DE INFORMACIÓN DE LONGITUD FIJA | |
| Campo de control de longitud fija | 140529s1982 xxu||||| |||| 00| 0 spa d |
| 041 ## - CÓDIGO DE LENGUA | |
| Código de lengua del texto/banda sonora o título independiente | spa |
| 100 1# - PUNTO DE ACCESO PRINCIPAL-NOMBRE DE PERSONA | |
| Nombre de persona | Atienza, Manuel |
| 9 (RLIN) | 42454 |
| 245 00 - MENCIÓN DE TÍTULO | |
| Título | Crítica de la metodología de la ciencia jurídica de K. Larenz |
| Mención de responsabilidad, etc. | Manuel Atienza |
| 600 14 - PUNTO DE ACCESO ADICIONAL DE MATERIA-NOMBRE DE PERSONA | |
| Nombre personal | Larenz, K. |
| 9 (RLIN) | 216718 |
| 773 0# - ENLACE AL DOCUMENTO FUENTE | |
| Título | Anales de la Catedra Francisco Suarez |
| Parte(s) relacionada(s) | nº. 22, 1982, págs. 189-218 |
| Número de control del registro relacionado | Rev1020 |
| 942 ## - ENTRADA DE ELEMENTOS AGREGADOS (KOHA) | |
| Koha [por defecto] tipo de item | Artículos de revista |
| Suprimido | Perdido | Estropeado | No para préstamo | Localización permanente | Localización actual | Localización en estantería | Fecha adquisición | Préstamos totales | Fecha última consulta | Fecha del precio de reemplazo | Tipo de item de Koha |
|---|---|---|---|---|---|---|---|---|---|---|---|
| San Esteban | San Esteban | Depósito de revistas | 11/07/2014 | 11/07/2014 | 11/07/2014 | Artículos de revista |
